<?xml version="1.0" encoding="UTF-8"?>
<record
    xmlns:xsi="http://www.w3.org/2001/XMLSchema-instance"
    xsi:schemaLocation="http://www.loc.gov/MARC21/slim http://www.loc.gov/standards/marcxml/schema/MARC21slim.xsd"
    xmlns="http://www.loc.gov/MARC21/slim">

  <leader>00921nam a2200157   4500</leader>
  <controlfield tag="008">708 V986v</controlfield>
  <datafield tag="020" ind1=" " ind2=" ">
    <subfield code="a">8488490070</subfield>
  </datafield>
  <datafield tag="082" ind1=" " ind2=" ">
    <subfield code="a">708 </subfield>
    <subfield code="b">V986v</subfield>
  </datafield>
  <datafield tag="110" ind1=" " ind2=" ">
    <subfield code="a">Casa de Am&#xE9;rica </subfield>
    <subfield code="9">7081</subfield>
  </datafield>
  <datafield tag="245" ind1=" " ind2=" ">
    <subfield code="a">A vueltas con los sentidos </subfield>
  </datafield>
  <datafield tag="260" ind1=" " ind2=" ">
    <subfield code="a">Casa de Am&#xE9;rica </subfield>
    <subfield code="b">Madrid </subfield>
    <subfield code="c">1999</subfield>
  </datafield>
  <datafield tag="300" ind1=" " ind2=" ">
    <subfield code="a">118 p.</subfield>
    <subfield code="b">il (col)</subfield>
    <subfield code="c">27 x 21 cm</subfield>
  </datafield>
  <datafield tag="505" ind1=" " ind2=" ">
    <subfield code="t">Presentaci&#xF3;n </subfield>
    <subfield code="r">I&#xF1;igo Ram&#xED;rez de Haro </subfield>
    <subfield code="t">A vueltas con los sentidos / Back to the senses </subfield>
    <subfield code="r">Estrella de Diego </subfield>
    <subfield code="t">El sue&#xF1;o de los sentidos / The dream of the senses </subfield>
    <subfield code="r">Manuel Guti&#xE9;rrez Est&#xE9;vez </subfield>
    <subfield code="t">Sentir, no sentir, negar la verdad / Feeling, not feeling, denying the truth </subfield>
    <subfield code="r">Juan Antonio Ram&#xED;rez </subfield>
    <subfield code="t">Cartas a Estrella / Letters to Estrella </subfield>
    <subfield code="r">Ivo Mesquita </subfield>
    <subfield code="t">Cat&#xE1;logo</subfield>
    <subfield code="t">Biograf&#xED;as </subfield>
  </datafield>
  <datafield tag="650" ind1=" " ind2=" ">
    <subfield code="x">arte contempor&#xE1;neo </subfield>
    <subfield code="x">arte - exhibiciones</subfield>
    <subfield code="x">cat&#xE1;logo de exhibici&#xF3;n </subfield>
    <subfield code="x">Constantino, Nicola </subfield>
    <subfield code="x">Hern&#xE1;ndez-Diez, Jos&#xE9; Antonio </subfield>
    <subfield code="x">Jusidman, Yishai </subfield>
    <subfield code="9">7082</subfield>
  </datafield>
  <datafield tag="700" ind1=" " ind2=" ">
    <subfield code="a">de Diego, Estrella (comisaria)</subfield>
    <subfield code="9">7083</subfield>
  </datafield>
  <datafield tag="999" ind1=" " ind2=" ">
    <subfield code="c">1806</subfield>
    <subfield code="d">1806</subfield>
  </datafield>
  <datafield tag="952" ind1=" " ind2=" ">
    <subfield code="0">0</subfield>
    <subfield code="1">0</subfield>
    <subfield code="2">ddc</subfield>
    <subfield code="4">0</subfield>
    <subfield code="7">0</subfield>
    <subfield code="a">LV</subfield>
    <subfield code="b">LV</subfield>
    <subfield code="c">Colectivas</subfield>
    <subfield code="d">2019-07-04</subfield>
    <subfield code="l">0</subfield>
    <subfield code="o">708  V986v</subfield>
    <subfield code="p">001786</subfield>
    <subfield code="r">2019-07-04 00:00:00</subfield>
    <subfield code="w">2019-07-04</subfield>
    <subfield code="y">01</subfield>
  </datafield>
</record>
